|
|
|
|
| LEADER |
00000cam a2200000 7i4500 |
| 001 |
0000000441 |
| 005 |
20000816.0 |
| 020 |
0 |
0 |
|a 1853834610
|
| 090 |
0 |
0 |
|a 338.973
|b HAW 1999
|
| 100 |
1 |
0 |
|a HAWKEN
|h Paul
|
| 245 |
1 |
0 |
|a Natural capitalism :
|b The next industrial revolution
|c Paul Hawken, Amory Lovins, and L. Hunter Lovins
|
| 260 |
0 |
0 |
|a London, UK :
|b Earthscan Pub. ,
|c 1999
|
| 300 |
|
|
|a xix, 396 p. :
|b ill. ;
|c 24 cm.
|
| 500 |
0 |
0 |
|a Bibiography: [p. 349-378] and index
|
| 650 |
0 |
0 |
|a Capitalism
|z United States
|x Forecasting
|
| 650 |
0 |
0 |
|a Economic forecasting
|z United States
|
| 650 |
0 |
0 |
|a Twenty-first century
|x Forecasts
|
| 651 |
0 |
0 |
|a United States
|x Economic policy
|y 1993-
|
| 700 |
0 |
1 |
|a Lovins
|h Amory B. ,
|c 1947-
|
| 700 |
0 |
1 |
|a Lovins
|h L. Hunter ,
|c 1950-
|
| 999 |
|
|
|a 0000001547
|b Monograph
|c Open Shelf
|e Default branch
|